000 00648nam a22002057a 4500
999 _c10028
_d10028
001 10028
003 BD-JhCC
005 20180404181425.0
008 180404b xxu||||| |||| 00| 0 eng d
035 _a(BD-JhCC)10028
040 _aBD-JhCC
_dBD-JhCC
041 _aeng
082 _a784
_bTHA 1974
100 _aঠাকুর, রবীন্দ্রনাথ
245 _aস্বরবিতান /
_cরবীন্দ্রনাথ ঠাকুর,
260 _aকলিকাতা :
_bবিশ্বভারতী গ্রন্থবিতান,
_c1974.
300 _a85 p. :
_c21 cm.
942 _2ddc
_cREF